000 01450nam0a2200337 4500
001 RU\NLR\bibl\882359
005 20260406163948.0
010 _a5-352-01399-5
_bв обл.
_97000
021 _aRU
_b2005-51732
_92523
035 _a(nilc)RSL-KNO-002693816
035 _a(NLR Aleph) 000870918
090 _a1598919
_c1598919
100 _a20050810d2005 |||y0rusy50 ca
101 1 _arus
_cfre
102 _aRU
105 _ay |||||||||
106 _ar
200 1 _aПена дней
_eроман
_fБорис Виан
_g[пер. с фр. Л. Лунгиной]
210 _aСПб.
_cАзбука-классика
_d2005
_gГУП Чехов. полигр. комб.
215 _a249, [1] с.
_d18
225 1 _aАзбука-классика
610 0 _aФилологические науки. Художественная литература -- Франция -- Французская литература -- с 1945 г. -- Произведения художественной литературы -- Художественная проза -- Романы. Повести. Рассказы
686 _aШ5(4Фр)62-644
_2rubbk
686 _aШ6(4Фр)67-440.4{Лх1649-50}
700 1 _4070
_7ca
_8rus
_aВиан
_bБ.
_f1920-1959
_gБорис
_3RU\NLR\auth\7710413
_9120190
801 0 _aRU
_bRuMoRKP
_c20050810
_grcr
801 1 _aRU
_bRuMoRGB
_c20050810
801 2 _aRU
_bNLR
_c20051202
_grcr
942 _cBOOK
980 _aNB